History Quiz

Random History or Clickable Quiz

Queens and Queen Consorts of England Quiz Stats

 Plays Quiz not verified by Sporcle

Score 0/28 Timer 06:00
0 Plays Today
% Correct
Anne Boleyn
91.9%
Anne of Cleves
90.6%
Jane Seymour
90.6%
Catherine Parr
90.5%
Catherine of Aragon
89.9%
Elizabeth I
88.3%
Catherine Howard
83.2%
Elizabeth of York
82.5%
Jane Grey
80.4%
Matilda
80.4%
Isabella of France
76.5%
Cecily Neville
75.3%
Margaret of Anjou
75.1%
Elizabeth Woodville
73.3%
% Correct
Mary I Tudor
71.2%
Berengaria of Navarre
70.8%
Eleanor of Aquitaine
70.5%
Catherine of Valois
70.1%
Henrietta Maria of France
69.6%
Mary II Stuart
68.4%
Matilda of Scotland
66.4%
Eleanor of Castile
64.1%
Anne
63.1%
Mary of Modena
55.7%
Joan of Navarre
52.3%
Anne of Denmark
51.1%
Philippa of Hainault
50.9%
Anne of Bohemia
42.4%

You're not logged in!

Compare scores with friends on all Sporcle quizzes.
OR
Log In

Show Comments

Extras

Top Quizzes Today


Score Distribution

Your Account Isn't Verified!

In order to create a playlist on Sporcle, you need to verify the email address you used during registration. Go to your Sporcle Settings to finish the process.

Report this User

Report this user for behavior that violates our Community Guidelines.

Details: